Statistics for Pittsburgh Pirates of 1979

Click here to take the quiz!

General Stats

  • This quiz has been taken 11 times
  • The average score is 14 of 34

Answer Stats

HintAnswer% Correct
1978 MVPDave Parker
89%
Led NL in Games Pitched 1979Kent Tekulve
78%
1979 MVPWillie Stargell
78%
4 Time NL Batting ChampBill Madlock
67%
3 time all star catcherManny Sanguillen
67%
1979 Stolen Base leaderOmar Moreno
67%
Pitched in 1971 WS for BaltimoreGrant Jackson
56%
Led NL in ERA 1977John Candelaria
56%
Nickname Scrap IronPhil Garner
56%
Nickname Crazy HorseTim Foli
56%
Hall of Fame in 2011Bert Blyleven
44%
Starting Left FielderBill Robinson
44%
Known for LSD No HitterDock Ellis
44%
Hit .265 in 10 seasons as a PirateDon Robinson
44%
Lefty hitting catcherEd Ott
44%
Started Game 5 of World SeriesJIm Rooker
44%
Nickname The HammerJohn Milner
44%
Real first name LeondausLee Lacy
44%
Nickname Hit ManMike Easler
44%
Righty hitting catcherSteve Nicosia
44%
Started Game 1 of World SeriesBruce Kison
33%
Nickname Boo BooDale Berra
33%
Pinch Runner who didn't batAlberto Lois
22%
Lost to SD in 1978 Expansion DraftDave Roberts
22%
2nd round pick 1976Doe Boyland
22%
Traded for Bill Madlock mid seasonEd Whitson
22%
Was 2nd in Games Pitched 1979Enrique Romo
22%
Middle name FabianFrank Taveras
22%
Pinch Ran once, only ML appearanceGary Hargis
22%
Led NL in Winning Percentage 1979Jim Bibby
22%
All Star Pitcher for Detroit 1972Joe Coleman
22%
Pinch Runner ScatMatt Alexander
22%
From Colon, PanamaRennie Stennett
22%
Received for Jerry ReussRick Rhoden
22%

Score Distribution

Percentile by Number Answered

Percent of People with Each Score

Your Score History

You have not taken this quiz